| 000 | 01096nam a22003257a 4500 | ||
|---|---|---|---|
| 003 | CHAP | ||
| 005 | 20220329143202.0 | ||
| 008 | 061127d2006 es r 00110 spa d | ||
| 010 | _a93060 | ||
| 011 | _a94032 | ||
| 020 | _aZ8477534438 | ||
| 035 | _a104616 | ||
| 040 | _cCHAP | ||
| 082 | 0 | 4 |
_a338.17 _bA5 |
| 100 | 1 |
_aAlbisu, Luis Miguel _93497 |
|
| 245 | 1 | 0 |
_aPlan estratégico para la comercialización del vino con DO Calatayud _c/por Luis Miguel Albisu y Gustavo Fabra |
| 260 |
_aZaragoza : _bGobierno de Aragón. Departamento de Agricultura y Alimentación, _c2006. |
||
| 300 |
_a295 p. : _bgráfs. ; anexos |
||
| 590 |
_aBATCH-UPD _b10 _c20130110 _lUCH01 _h0800 |
||
| 590 |
_aBATCH-UPD _b10 _c20130410 _lUCH01 _h0439 |
||
| 590 |
_aBATCH-UPD _b10 _c20130913 _lUCH01 _h2349 |
||
| 590 |
_aCONVERSION _b10 _c20130109 _lUCH01 _h1351 |
||
| 650 | 1 | 4 |
_aVino _xElaboración _xEspaña. _9119865 |
| 650 | 1 | 4 |
_aVino _xMercadeo. _9119874 |
| 700 | 1 |
_aFabra, Gustavo _939281 |
|
| 901 | _aBK | ||
| 905 | _aLilia | ||
| 942 | _cLIBRO | ||
| 949 |
_a338.17 A5 _bBC _cLIBRO _d33724002006157 _eLIBRO _h108428 _i104616 _sb |
||
| 999 |
_c93060 _d93060 |
||